Komparácia súčasného slovenského a českého univerzitného vzdelávania prostredníctvom vybraných kvantitatívnych ukazovateľov

Odlišné a podobné trendy vývoja v univerzitnom vzdelávaní na Slovensku a v Česku ako dôsledok rozmachu súkomných vysokých škôl v oboch krajinách, ako aj vplyvu reforiem naštartovaných na začiatku 21. storočia. V súčastnosti obe krajiny rovnako ako zvyšok EÚ zápasia s vysokou nezamestnanosťou absolv...

Descrizione completa

Salvato in:
Dettagli Bibliografici
Autore principale: Kováč, Filip
Natura: Capitolo di libro
Lingua:slovacco
Soggetti:
Tags: Aggiungi Tag
Nessun Tag, puoi essere il primo ad aggiungerne!!

MARC

LEADER 00000nla a2200000 4500
001 0179375
005 20240502073040.6
041 0 |a slo 
044 |a SK 
245 1 0 |a Komparácia súčasného slovenského a českého univerzitného vzdelávania prostredníctvom vybraných kvantitatívnych ukazovateľov  |c Filip Kováč 
520 |a Odlišné a podobné trendy vývoja v univerzitnom vzdelávaní na Slovensku a v Česku ako dôsledok rozmachu súkomných vysokých škôl v oboch krajinách, ako aj vplyvu reforiem naštartovaných na začiatku 21. storočia. V súčastnosti obe krajiny rovnako ako zvyšok EÚ zápasia s vysokou nezamestnanosťou absolventov a preto rastúci tlak na zvyšovanie kvality univerzitného vzdelania a iniciatívy ako napríklad stratégia Európa 2020 možno považovať za mimoriadne aktuálne. 
610 2 0 |a spoločnosť vedomostná 
610 2 0 |a univerzity 
610 2 0 |a vzdelávanie vysokoškolské 
610 2 0 |a analýzy 
610 2 0 |a Slovensko 
610 2 0 |a Česko 
100 1 |a Kováč, Filip